书目信息 |
| 题名: |
历年考研英语真题解析及复习思路
|
|
| 作者: | 曾鸣 , 张剑 , 刘京霄 编著 | |
| 分册: | ||
| 出版信息: | 北京 世界图书出版有限公司北京分公司 2014 |
|
| 页数: | 1册 | |
| 开本: | 26cm | |
| 丛书名: | ||
| 单 册: | ||
| 中图分类: | H310.421-44 | |
| 科图分类: | ||
| 主题词: | 英语--硕士生入学考试--题解 | |
| 电子资源: | ||
| ISBN: | 978-7-5100-8250-4 | |
| 000 | 01025nam0 2200265 450 | |
| 001 | 0104523325 | |
| 005 | 20180823144715.0 | |
| 010 | @a978-7-5100-8250-4@dCNY43.00 | |
| 100 | @a20180620e20182014em y0chiy0120 ea | |
| 101 | 0 | @achi@aeng |
| 102 | @aCN@b110000 | |
| 105 | @aa q 000yy | |
| 106 | @ar | |
| 200 | 1 | @a历年考研英语真题解析及复习思路@9Li Nian Kao Yan Ying Yu Zhen Ti Jie;Xie Xi Ji Fu Xi Si;Sai Lu @e精编版@e2015-2018@f曾鸣,张剑,刘京霄编著@b专著 |
| 210 | @a北京@c世界图书出版有限公司北京分公司@d2014@h2018重印 | |
| 215 | @a1册@c图@d26cm | |
| 300 | @a考研真题黄皮书 全国考研英语真题系列之5 2019 高教版 | |
| 330 | @a本书内含2015-2018年全真试题精解、考研英语高分宝典、2015-2018年度成套真题及考研英语大纲词汇超级背诵宝典。 | |
| 606 | 0 | @a英语@x硕士生入学考试@j题解 |
| 690 | @aH310.421-44@v5 | |
| 701 | 0 | @a曾鸣@c(英语)@9zeng ming@4编著 |
| 701 | 0 | @a张剑@f(1963.6~)@9zhang jian@4编著 |
| 701 | 0 | @a刘京霄@9liu jing xiao@4编著 |
| 801 | 0 | @aCN@bAZmarc@c20230905 |
| 905 | @aBZT@dH310.421@e9:2@f1@sH310.421/9:2 | |
| 历年考研英语真题解析及复习思路:精编版:2015-2018/曾鸣,张剑,刘京霄编著.-北京:世界图书出版有限公司北京分公司,2014(2018重印) |
| 1册:图;26cm |
| 考研真题黄皮书 全国考研英语真题系列之5 2019 高教版 |
| ISBN 978-7-5100-8250-4:CNY43.00 |
| 本书内含2015-2018年全真试题精解、考研英语高分宝典、2015-2018年度成套真题及考研英语大纲词汇超级背诵宝典。 |
| ● |
| 相关链接 |
|
|
|
正题名:历年考研英语真题解析及复习思路
索取号:H310.421/9:2
 
预约/预借
| 序号 | 登录号 | 条形码 | 馆藏地/架位号 | 状态 | 备注 |
| 1 | 2000156772 | 2000156772 | 旧书回溯/ [索取号:H310.421/9:2] | 在馆 |